000 00651nam a22002177a 4500
999 _c153472
_d153472
003 dpl
005 20181130133341.0
008 180705b xxu||||| |||| 00| 0 eng d
010 _aB-126221, B-126222
020 _a8179301567
020 _c195.00
035 _aB-126221, B-126222, B-126223
040 _c0
082 _a320.954
100 _aLaxmikanth,
245 _aIndian Polity:
_bA Concise Overview of the Indian Constitution and Political System / /
_cby M Laxmikanth
260 _aNew Delhi
_bSpectrum Books Pvt. Ltd.
260 _c1994
300 _aviii, 536p.
_c24cm (HB)
942 _2ddc
_cEN
_h320.954
_mIND